Fernando Birri : Kino der Befreiung /

Fernando Birri (Argentina, 1925) fue uno de los cineastas latinoamericanos que en la década de los 60 buscaron renovar el cine de la región, tanto teórica como prácticamente. Su obra está atravesada por una fuerte dimensión socio-política. Algunas de sus películas son: Tire dié; Los inundados; La Pa...

Fuld beskrivelse

Guardado en:
Bibliografiske detaljer
Hovedforfatter: Groschup, Helmut (edición)
Andre forfattere: Wurm, Renate (edición) (edición)
Format: Bog
Sprog:German
Udgivet: Viena, Austria : Südwind, 1991, c1991
Serier:(Cinematograph ; 1)
Fag:
Tags: Tilføj Tag
Ingen Tags, Vær først til at tagge denne postø!

MARC

LEADER 00000nam^a2200000^a^4500
001 000396009
005 20250521000000.0
009 20260310121417.515
020 |a 3-900592-10-1 
037 |a Acervo ITESO - Biblioteca 
041 |a ALE 
082 |a 302. 2350982  |b GRO 
100 |a Groschup, Helmut  |e (edición) 
240 1 1 |a [Fernando Birri: cine de la liberación] 
245 1 0 |a Fernando Birri :  |b Kino der Befreiung /  |c Ed. de H. Groschup, R. Wurm. 
264 4 |a Viena, Austria :  |b Südwind,  |c 1991, c1991 
300 |a 176 p. 
336 |a texto  |b txt  |2 rdacontenido 
337 |a sin mediación  |b n  |2 rdamedio 
338 |a volumen  |b nc  |2 rdasoporte 
440 1 |a (Cinematograph ;  |v 1) 
520 |a Fernando Birri (Argentina, 1925) fue uno de los cineastas latinoamericanos que en la década de los 60 buscaron renovar el cine de la región, tanto teórica como prácticamente. Su obra está atravesada por una fuerte dimensión socio-política. Algunas de sus películas son: Tire dié; Los inundados; La Pampa gringa; Un señor muy viejo con unas alas enormes; entre otras. 
561 |a Obra autografiada para Carlos Nez Hurtado 
649 |a XX 
650 |a Cineastas Argentinos -  |x Biografías 
650 |a Cine Social y Político 
650 |a Comunicación y Política 
650 |a Birri, Fernando -  |x Tema Principal 
700 |a Wurm, Renate  |e (edición) 
910 |a Fondo Carlos Núñez Hurtado 
920 |a Impresos - Libros 
930 |a Fondos Especiales 
905 |a 117 
901 |a 0500291654  |b IT2  |c ESP  |i D79899  |u 20250521 
902 |a https://opac.biblio.iteso.mx/vufind/Record/000396009